MARC details
| 000 -LEADER |
| fixed length control field |
01704nam a2200337Ia 4500 |
| 001 - CONTROL NUMBER |
| control field |
u2469 |
| 003 - CONTROL NUMBER IDENTIFIER |
| control field |
SIRSI |
| 005 - DATE AND TIME OF LATEST TRANSACTION |
| control field |
20180220094037.0 |
| 008 - FIXED-LENGTH DATA ELEMENTS--GENERAL INFORMATION |
| fixed length control field |
891218s1990 ne a c 101 0 eng d |
| 020 ## - INTERNATIONAL STANDARD BOOK NUMBER |
| International Standard Book Number |
0792305736 (U.S. : alk. paper) |
| 039 #9 - LEVEL OF BIBLIOGRAPHIC CONTROL AND CODING DETAIL [OBSOLETE] |
| Level of rules in bibliographic description |
200310261228 |
| Level of effort used to assign nonsubject heading access points |
eman |
| -- |
200203190936 |
| -- |
load |
| 040 ## - CATALOGING SOURCE |
| Original cataloging agency |
EAL. |
| 050 ## - LIBRARY OF CONGRESS CALL NUMBER |
| Classification number |
QP571.7 |
| Item number |
N38 1988 |
| 111 20 - MAIN ENTRY--MEETING NAME |
| Meeting name or jurisdiction name as entry element |
NATO Advanced Research Workshop on Molecular Mechanisms and Consequences of Activation of Hormone and Growth Factor Receptors |
| Date of meeting |
(1988 : |
| Location of meeting |
Nauplion, Greece) |
| 245 10 - TITLE STATEMENT |
| Title |
Activation of hormone and growth factor receptors : |
| Remainder of title |
molecular mechanisms and consequences / |
| Statement of responsibility, etc. |
edited by Michael N. Alexis and Constantin E. Sekeris. |
| 260 0# - PUBLICATION, DISTRIBUTION, ETC. |
| Place of publication, distribution, etc. |
Dordrecht ; |
| -- |
Boston : |
| Name of publisher, distributor, etc. |
Kluwer Academic Publishers, |
| Date of publication, distribution, etc. |
c1990. |
| 300 ## - PHYSICAL DESCRIPTION |
| Extent |
xxi, 320 p. : |
| Other physical details |
ill. ; |
| Dimensions |
25 cm. |
| 440 #0 - SERIES STATEMENT/ADDED ENTRY--TITLE |
| Title |
NATO ASI series. |
| Number of part/section of a work |
Series C, |
| Name of part/section of a work |
Mathematical and physical sciences ; |
| Volume/sequential designation |
no. 295 |
| 500 ## - GENERAL NOTE |
| General note |
"Proceedings of the NATO Advanced Research Workshop on Molecular Mechanisms and Consequences of Activation of Hormone and Growth Factor Receptors, held in Nafplion, Greece, September 25-30, 1988"--T.p. verso. |
| 500 ## - GENERAL NOTE |
| General note |
"Published in cooperation with NATO Scientific Affairs Division." |
| 504 ## - BIBLIOGRAPHY, ETC. NOTE |
| Bibliography, etc. note |
Includes bibliographical references and index. |
| 596 ## - |
| -- |
1 |
| 650 #0 - SUBJECT ADDED ENTRY--TOPICAL TERM |
| Topical term or geographic name entry element |
Hormone receptors |
| Form subdivision |
Congresses. |
| 650 #0 - SUBJECT ADDED ENTRY--TOPICAL TERM |
| Topical term or geographic name entry element |
Growth factors |
| General subdivision |
Receptors |
| Form subdivision |
Congresses. |
| 650 #0 - SUBJECT ADDED ENTRY--TOPICAL TERM |
| Topical term or geographic name entry element |
Cellular signal transduction |
| Form subdivision |
Congresses. |
| 650 #0 - SUBJECT ADDED ENTRY--TOPICAL TERM |
| Topical term or geographic name entry element |
Gene expression |
| Form subdivision |
Congresses. |
| 700 10 - ADDED ENTRY--PERSONAL NAME |
| Personal name |
Alexis, Michael N., |
| Dates associated with a name |
1951- |
| 700 10 - ADDED ENTRY--PERSONAL NAME |
| Personal name |
Sekeris, Constantin E., |
| Dates associated with a name |
1933- |
| 710 20 - ADDED ENTRY--CORPORATE NAME |
| Corporate name or jurisdiction name as entry element |
North Atlantic Treaty Organization. |
| Subordinate unit |
Scientific Affairs Division. |
| 942 ## - ADDED ENTRY ELEMENTS (KOHA) |
| Koha item type |
Books |
| Source of classification or shelving scheme |
Library of Congress Classification |